| 000 | 00529nam a2200181 i 4500 | ||
|---|---|---|---|
| 001 | 81018 | ||
| 003 | ES-MaACL | ||
| 005 | 20230906174341.0 | ||
| 007 | t| | ||
| 008 | 041102s1978 sp ||||1| spa d | ||
| 100 | 1 |
_aHolzner, Josef. _964100 |
|
| 245 | 1 | 0 |
_aSan Pablo, Heraldo de Cristo / _cJosef Holzner ; [versión por José Monserrat]. |
| 250 | _a[11ª ed.]. | ||
| 260 |
_aBarcelona : _bHerder, _c1978. |
||
| 300 |
_a558 p., 13 lám. ; _c22 cm. |
||
| 700 | 1 |
_aMonserrat, José. _982298 |
|
| 852 |
_aES-MaACL _jA-8311 _bR.97165 |
||
| 999 |
_c81018 _d81018 |
||